Detalles MARC
| 000 -LÍDER |
| Campo fijo de descripción fija |
01981nam a2200325 i 4500 |
| 001 - NÚMERO DE CONTROL |
| Campo de control |
768714001 |
| 003 - IDENTIFICADOR DEL NÚMERO DE CONTROL |
| Campo de control |
CO-MdFUSB |
| 005 - FECHA Y HORA DE LA ULTIMA TRANSACCIÓN |
| control field |
20220322102854.0 |
| 008 - ELEMENTOS DE LONGITUD FIJA -- INFORMACIÓN GENERAL |
| Campo fijo de descripción fija -- Información general |
220211t2013 ck ||||g |||| 00| 0bspa d |
| 020 ## - NÚMERO INTERNACIONAL NORMALIZADO PARA LIBROS |
| Número Internacional Normalizado del libro |
97807899176 |
| Información adicional |
21 |
| 040 ## - FUENTE DE CATALOGACIÓN |
| Agencia de catalogación original |
CO-MdFUSB |
| Idioma de catalogación |
spa |
| Agencia que realiza la transcripción |
CO-MdFUSB |
| Agencia que realiza la modificación |
CO-MdFUSBC |
| Convenciones de la descripción |
rda |
| 041 ## - CÓDIGO DE IDIOMA |
| Código de idioma para texto/pista de sonido o título separado |
spa |
| 082 ## - NÚMERO DE CLASIFICACIÓN DECIMAL DEWEY |
| Número de la edición del Dewey |
23 |
| Número de clasificación |
248 |
| Clave de autor-Numero de item |
D866 |
| 100 ## - ASIENTO PRINCIPAL--NOMBRE PERSONAL |
| Nombre personal |
Dugand, José Victor. |
| Término relacionador |
autor |
| 245 13 - TÍTULO |
| Título del Material |
De esclavo a hijo : |
| Parte restante del título - Subtitulo |
encuentre su verdadera identidad como hijo del padre celestial. |
| Mención de responsabilidad, etc. |
/ José Victor Dugand |
| 250 ## - MENCIÓN DE EDICIÓN |
| Mención de edición |
Segunda edición |
| 264 #1 - PRODUCCIÓN, PUBLICACIÓN, DISTRIBUCIÓN, MANUFACTURA, Y COPYRIGHT |
| Lugar de producción, publicación, distribución, manufactura |
Barranquilla, Colombia : |
| Nombre del productor, publicador, distribuidor |
Antillas, |
| Fecha de producción, publicación, distribución, manufactura, o copyright |
[2013] |
| 264 #4 - PRODUCCIÓN, PUBLICACIÓN, DISTRIBUCIÓN, MANUFACTURA, Y COPYRIGHT |
| Fecha de producción, publicación, distribución, manufactura, o copyright |
© 2013 |
| 300 ## - DESCRIPCIÓN FÍSICA |
| Extensión |
164 |
| Dimensiones |
; 23 cm |
| 336 ## - TIPO DE CONTENIDO |
| Fuente |
rdacontent |
| Término de tipo de contenido |
texto |
| Código de tipo de contenido |
txt |
| 337 ## - TIPO DE MEDIO |
| Fuente |
rdamedia |
| Nombre del tipo de medio |
sin mediación |
| Código del tipo de medio |
n |
| 338 ## - TIPO DE SOPORTE |
| Fuente |
rdacarrier |
| Nombre del tipo de soporte |
volumen |
| Código Tipo de soporte |
nc |
| 505 ## - NOTA DE CONTENIDO |
| Nota de contenido con formato preestablecido |
Agradecimientos. -- Prólogo. -- Introducción. -- pt.1. Un problema de identidad. -- pt.2. De regreso al padre. -- pt.3. El vacío del padre. pt.4. La vida abundante de los hijos. -- pt.5 Generación de hijos o ejército de esclavos. -- pt.6. ¿Hijo o esclavo? -- pt. 7. La dualidad de identidad. -- pt.8. La relación entre el padre terrenal y el padre celestial. -- pt.9. El verdadero concepto de paternidad. -- pt.10. Rompa el ciclo de la destrucción. -- Conclusión: Abrace la paternidad de Dios. -- Apéndice: Testimonios sobre los verdaderos conceptos de Dios. -- Acerca del autor. -- Acerca de Ekklesia Global. |
| 520 1# - NOTA DE RESUMEN, ETC. |
| Nota de sumario, etc. |
¿Está frustrado con su vida espiritual? ¿Cree que debe haber algo más pero no sabe cómo buscarlo? Si ese es su caso, en De esclavo a hijo hallará las respuestas que le satisfarán en lo más profundo de su corazón. Este libro está diseñado para que pueda encontrar su verdadera identidad de hijo, se relacione en libertad con su padre celestial y disfrute la vida abundante que Él tiene para usted. |
| 563 ## - NOTA DE ENCUADERNACIÓN |
| Nota de encuadernación |
Rústico |
| 650 #0 - ASIENTO SECUNDARIO DE MATERIA - TERMINO TEMÁTICO |
| 9 (RLIN) |
51 |
| Término temático o nombre geográfico como elemento de entrada |
Vida espiritual |
| 700 ## - ASIENTO SECUNDARIO - NOMBRE PERSONAL |
| 9 (RLIN) |
6117 |
| Nombre personal |
Arau, Fernando. |
| Responsabilidad |
prologuista |
| 942 ## - TIPO DE MATERIAL (KOHA) |
| Tipo de Item KOHA |
Libros General |
| 945 ## - INFORMACIÓN LOCAL DEL REGISTRO |
| Catalogador |
JTF-925 |